000 00428 a2200157 4500
999 _c8804
_d8804
020 _a9780333948019
050 _aKD 2073 DIN 2001
100 _aDine, Janet
_eauthor
245 _aCompany law /
_cJanet Dine
250 _a4th ed.
264 _aNew York :
_bPalgrave,
_c2001
300 _a433p.:
500 _aIncludes bibliographical references and index
650 _aCorporation
_xlaw
942 _2lcc
_cBK
_e4th ed.
_h2073
_iDIN
_kKF